000 00379 a2200169 4500
001 68936
020 _a8532902898
040 _cAnchieta - Itaigara
100 _aOilveira, Alaíde Lisboa de
240 1 0 _aComo se fosse gente
_lpor
245 1 0 _aComo se fosse gente
300 _a23
362 0 _a1998
440 1 _a
650 4 _aLiteratura infanto-juvenil
942 _cBK
999 _c68936
_d68936